|
|
|
|
| LEADER |
01125naa a2200229 i 4500 |
| 001 |
acta87634 |
| 005 |
20250530084457.0 |
| 008 |
250530s2025 hu o 100 hun d |
| 020 |
|
|
|a 978-963-688-043-9
|
| 040 |
|
|
|a SZTE Egyetemi Kiadványok Repozitórium
|b hun
|
| 041 |
|
|
|a hun
|
| 100 |
1 |
|
|a Pintér Zsombor Manó
|
| 245 |
1 |
0 |
|a Oroszlánvadászat, feminizmus és polgárháborús pszichózis a posztkoloniális Mozambikban
|h [elektronikus dokumentum] :
|b [absztrakt] /
|c Pintér Zsombor Manó
|
| 260 |
|
|
|a Szegedi Tudományegyetem Bölcsészet- és Társadalomtudományi Kar
|b Szeged
|c 2025
|
| 300 |
|
|
|a 277
|
| 490 |
0 |
|
|a Országos Tudományos Diákköri Konferencia : Humán Tudományi Szekció
|
| 650 |
|
4 |
|a Bölcsészettudományok
|
| 650 |
|
4 |
|a Nyelvek és irodalom
|
| 695 |
|
|
|a Portugál irodalom története - Mozambik - előadáskivonat, Műelemzés - előadáskivonat, Regényelemzés - előadáskivonat, Feminizmus - előadáskivonat
|
| 700 |
0 |
1 |
|a Couto Mia
|
| 710 |
|
|
|a Országos Tudományos Diákköri Konferencia (37.)
|c Szeged
|
| 856 |
4 |
0 |
|u http://acta.bibl.u-szeged.hu/87634/1/otdk_2025_human_277.pdf
|z Dokumentum-elérés
|